[Event "Olympiad-41"]
[Site "Tromsoe"]
[Date "2014.08.04"]
[Round "3.1"]
[White "Naiditsch, Arkadij"]
[Black "Adams, Michael"]
[Result "1/2-1/2"]
[WhiteElo "2709"]
[BlackElo "2740"]
[Annotator "CB"]
[PlyCount "108"]
[EventDate "2014.08.02"]
[EventType "team-swiss"]
[EventRounds "11"]
[EventCountry "NOR"]
[SourceTitle "CBM 162"]
[Source "ChessBase"]
[SourceDate "2014.09.17"]
[SourceVersion "1"]
[SourceVersionDate "2014.09.17"]
[SourceQuality "1"]
[WhiteTeam "Germany"]
[BlackTeam "England"]
[WhiteTeamCountry "GER"]
[BlackTeamCountry "ENG"]
[WhiteClock "0:11:04"]
[BlackClock "0:04:24"]

1. e4 e5 2. Nf3 Nc6 3. Bb5 Nf6 4. O-O Nxe4 5. d4 Nd6 6. Bxc6 dxc6 7. dxe5 Nf5
8. Qxd8+ Kxd8 9. h3 Bd7 10. Rd1 Be7 {Schwarz verschafft dem Sf5 ein Feld auf
h4 und kann den mit 10. ...Kc8 eingeleiteten Abspielen aus dem Weg gehen.} (
10... Kc8 {ist ein riskanter Zug, mit dem Adams bereits gute Erfahrung gemacht
hat. 2013 besiegte er in Dortmund Caruana in einer spektakulären Partie.} 11.
g4 Ne7 12. Ng5 Be8 13. f4 {der schwarze Aufbau sieht sehr passiv aus, doch die
Figuren haben großes Potential, das sich in wenigen Zügen entladen kann. Dem
weißen König fehlt der Schutzwall und die offene Diagonale h1-a8 erweist
sich in Verbindung mit dem Sprengungszug} h5 {als sehr gefährlich für Weiß.}
({Das letzte Wort in dieser Variante ist natürlich noch nicht gesprochen, die
aktuellste Partie stammt von zwei weiteren hochkarätigen Teilnehmern dieser
Olympiade:} 13... b6 14. Kg2 h5 15. f5 c5 16. Nc3 g6 17. f6 Nc6 18. Nf3 Nb4 {
dieser Beutezug ist die konsequente Fortsetzung des mit 16. ...g6
eingeleiteten Spiels. Der gesamte schwarze Plan sieht für meinen Geschmack
wahnsinnig riskant aus. Aber wenn die Engine das ok gibt...} 19. Bf4 Nxc2 20.
Rac1 Nb4 21. a3 Nc6 22. Ne4 Bd7 23. Neg5 hxg4 24. hxg4 Bxg4 25. Nxf7 Rh5 26.
Kg3 Bf5 27. N7g5 Bh6 28. e6 Bxg5 29. Nxg5 Rxg5+ 30. Bxg5 Bxe6 31. Re1 Nd4 32.
Rcd1 Bf7 {und Schwarz konnte das Rems halten in: Lenier Dominguez Perez -
Nakamura, Tata Steel Wijk aan Zee 2014}) 14. Kf2 b6 15. f5 Kb7 16. Nc3 hxg4 17.
hxg4 Rh2+ 18. Kg3 Rxc2 19. Nh7 c5 20. Nxf8 Bc6 21. f6 Rg2+ 22. Kf4 gxf6 23.
exf6 Rf2+ 24. Ke3 Rxf6 $19 {0-1 (41) Caruana Fabiano - Adams Michael ,
Dortmund 2013}) 11. Bg5 {der Abtausch der schwarzfeldrigen Läufer ist für
Weiß wünschenswert. Um das zu erreichen, muss er allerdings auf den
aggressiven Aufmarsch des g- und f-Bauern verzichten.} (11. g4 Nh4 12. Nxh4
Bxh4 {passierte zum gleichen Zeitpunkt in der Partie Caruana Fabiano (2801)
-Negi Parimarjan (2645) Tromso 2014. Caruana überwand beim Gashimov Memorial
2014 Carlsens Berliner Mauer und gilt als einer der größten Experten in
dieser Eröffnung.} 13. Nd2 Kc8 14. Nf3 Be7 15. Rd3 (15. Bg5 Bc5 16. Rd3 Be6
17. Be3 Bxe3 18. Rxe3 Kd7 19. Rd1+ Ke7 20. Nd4 $11 {1/2-1/2 (33) Leko,P (2737)
-Adams,M (2743) Dortmund GER 2014}) 15... c5 (15... h6 $5 {um Lg5 aus der
Stellung zu nehmen}) 16. Bg5 c4 17. Rd4 Bc6 18. Bxe7 Bxf3 {das Endspiel mit
ungleichfarbigen Läufern ist eigentlich das Traumszenario des Schwarzspielers,
doch in dieser speziellen Stellung sind die schwarzen Felder durch den
Vorstoß c4 so geschwächt, dass der weiße Läufer das Geschehen dominieren
wird.} 19. Kh2 Re8 20. Bh4 c6 21. Re1 Bd5 22. f4 a5 23. c3 b5 24. Rd2 b4 25.
Bf2 bxc3 26. bxc3 Rb8 27. f5 $14 {es ist sehr instruktiv, wie Caruana seinen
Raumvorteil und den Stützpunkt c5 einsetzt, um Schwarz zu weiteren
Zugeständnissen zu zwingen.} a4 28. Bc5 Rb7 29. Kg3 Kd7 30. Ba3 Rb5 31. Kf4
Rbb8 32. h4 Rb5 33. h5 h6 34. Rdd1 f6 35. e6+ Kc7 36. Rb1 Reb8 37. Rb4 Ra8 38.
Reb1 Rab8 39. Ke3 Kb6 40. Rd1 Rxb4 41. Bxb4 Kc7 42. Re1 Kd8 43. Bf8 Rb7 44. e7+
Ke8 45. Re2 Rb1 46. Bxg7 Kxe7 47. Kf2+ Kf7 48. Bxh6 a3 49. Bf4 Rd1 50. Bd6 Rd3
51. Re7+ Kg8 52. h6 Rh3 53. Rg7+ Kh8 54. Rg6 Rxc3 55. Be7 Kh7 56. Bxf6 Rc2+ 57.
Kg3 {1-0}) (11. c4 {war Arkadijs Versuch gegen den gleichen Gegner wenige
Wochen zuvor in Dortmund. Adams reagierte sehr gut und Weiß musste schon bald
um den Ausgleich bangen.} Kc8 12. Nc3 b6 13. Bg5 Re8 14. g4 Bxg5 15. Nxg5 Nh4
16. f4 h6 17. Nge4 h5 18. gxh5 Rh8 19. Ng3 Bxh3 {die schwarzen Figuren sind im
Moment noch etwas unkoordiniert, doch das Schlüsselfeld f5 ist unter
Kontrolle und die weiße Bauernstruktur anfällig.} 20. Kf2 Nf5 $1 {Adams
findet eine optimale Figurenaufstellung und hat nun die besseren Aussichten.}
21. Nce4 (21. Rh1 $5 Nxg3 22. Rxh3 Nxh5 23. f5 Kb7 24. Rah1 g6 25. e6 Rhf8 26.
e7 Rg8 (26... Rfe8 27. Re1 Nf6 28. fxg6 fxg6 $44) 27. Rxh5 $1 gxh5 28. Ne4 {
wäre eine aktive (und gute) Alternative gewesen.}) 21... Nh6 22. Rh1 Be6 $15 {
der Königsflügel ist versiegelt und Weiß bleibt auf schwachen Bauern und
Feldern sitzen. ½-½ (49) Naiditsch,A (2705)-Adams,M (2743) Dortmund GER 2014}
) (11. Nc3 Kc8 12. Bf4 (12. g4 Nh4 13. Nxh4 Bxh4 14. Be3 b6 15. Rd2 c5 16. Nd5
Re8 17. Rad1 {und Schwarz kann mit dem Eröffnungsverlauf zufrieden sein. 1-0 
(48) Caruana,F (2789)-Adams,M (2743) Dortmund GER 2014}) 12... b6 13. Rd2 Nh4
14. Nxh4 Bxh4 15. Ne4 h6 $11 {1/2-1/2 (38) Naiditsch,A (2705)-Caruana,F (2789)
Dortmund GER 2014}) 11... Kc8 (11... h6 $2 12. Bxe7+ Nxe7 13. e6 fxe6 14. Ne5
$18) 12. Nc3 (12. g4 h6 13. Bxe7 Nxe7 14. Kh2 Re8 15. Nbd2 b6 16. Re1 c5 17.
Ne4 Bc6 $11 {0-1 (44) Sutovsky,E (2692)-Hammer,J (2606) Aix-les-Bains 2011})
12... h6 13. Bxe7 Nxe7 {seit der vieldiskutierten 4. WM-Partie Anand-Carlsen
eine wohlbekannte Stellung} 14. Ne2 $146 {dieses typische Manöver gefällt
mir an dieser Stelle sehr gut. Schwarz kann die weiße Springerwanderung nicht
verhindern. Nachdem Arkadij in Dortmund keinen Vorteil gegen die Berliner
Mauer reklamieren konnte, kann er hier mit dieser Neuerung Adams unter Druck
setzen.} ({Anand hatte} 14. Rd2 {vorbereitet und opferte einen Bauern und für
gute Initiative} c5 15. Rad1 (15. Ne4 b6 16. Ng3 Bc6 17. Nh2 Ng6 18. Re1 Nf4
19. f3 Kb7 $11 {und Schwarz hat keine Probleme}) 15... Be6 16. Ne1 Ng6 17. Nd3
b6 18. Ne2 Bxa2 19. b3 c4 20. Ndc1 cxb3 21. cxb3 Bb1 $13 {Anand - Carlsen, Wch
Chennai 2013 (4)}) 14... Ng6 {der schwarze Springer hat seine Position
erreicht. Hier übt er Druck gegen e5 aus und verhindert gleichzeitig den
weißen Plan f4, g4.} 15. Ng3 c5 (15... h5 $2 {verhindert zwar Sh5 doch der
Preis ist zu hoch. Das Feld g5 ist geschwächt und auch der Bauer auf h5 bzw.
h4 kann ohne den schwarzfeldrigen Le7 schnell schwach werden.} 16. Re1 c5 17.
Ng5 Be6 18. Nxe6 fxe6 19. Ne4 b6 20. Rad1 $14) 16. Nh5 {von hier bindet der
Springer den schwarzen Turm an die Verteidigung des Bauern g7. Zudem
überdeckt er von dort das Feld f4 und kann so den Plan f4, g4 unterstützen.
Der dritte positive Effekt ist, dass schwarzes Gegenspiel mit ...h5
ausgeschaltet ist.} Rg8 17. Re1 {der Turm muss den e5 decken, damit Sf3
wegziehen kann.} a5 $5 {Adams findet eine interessante Möglichkeit seine
Figuren zu koordinieren und somit Gegenspiel am Damenflügel zu initiieren.
Dies ist objektiv wohl nicht der beste Weg, denn Weiß erhält nun Vorteil.} ({
der schematische schwarze Aufbau beginnt mit} 17... b6 18. Rad1 Bc6 {Sollte
Weiß nun unvorsichtig f4 spielen, kann der schwarze Läufer in Verbindung mit
Motiven wie ...Sh4, ...f6 oder gar ...g5 plötzlich äußerst wirkungsvoll
werden.} (18... Be6 $1 {hier steht der Läufer nicht so effektiv gegen den
weißen Plan, sorgt jedoch für Gegenspiel am Damenflügel, z.B.} 19. Nh2 Kb7
20. f4 Bxa2 $5 {ähnlich wie in Anand-Carlsen}) 19. Nh2 ({zur Illustration des
Potentials der schwarzen Stellung sei folgende Variante angeführt:} 19. Nd2
Kb7 20. f4 $2 Nh4 21. Ne4 f5 22. exf6 gxf6 $17 23. Rd2 Bxe4 24. Rxe4 Nf3+ 25.
Kf2 Nxd2 $19) (19. e6 $5 fxe6 20. Rxe6 Bxf3 21. gxf3 Nh4 22. Re7 Kb7 23. Rdd7
Rac8 24. Rxg7 Nxf3+ {und Schwarz sollte das Gleichgewicht halten können.})
19... Kb7 20. f3 Rae8 21. Ng4 $11 {/+=der Druck auf e5 behindert die weiße
Stellung. Dennoch kann Weiß mit Zügen wie Kf2 sorgfältig den Vorstoß
vorbereiten, Schwarz hat kein Gegenspiel.}) 18. Rad1 Ra6 19. Nd2 a4 20. Ne4 (
20. f4 {dieser konkrete Ansatz ist eine kritische Alternative. Es wird relativ
unübersichtlich und sehr genaue Kalkulation ist gefragt.} Be6 (20... Nh4 21.
Kf2 (21. g4 Be6 22. b3 axb3 23. axb3 g6 24. Nf6 Rd8 $132) 21... Be6 (21... Bf5
22. g4 Bxc2 23. Rc1 Bg6 24. Kg3 Rd8 25. Kxh4 Rxd2 26. Nxg7 {und der e-Bauer
wird gefährlich.}) 22. Ne4 $14) (20... Bc6 21. Kf2 Ne7 22. g4 Nd5 23. Ne4 c4 {
fixiert den b2 als Schwäche.}) 21. Ne4 (21. c4 Rd8 22. g4 Nh4 23. Kf2 Rb6 24.
b3 Rd4 25. f5 Nxf5 26. gxf5 Bxf5 {mit der Drohung ...Lc2} 27. Nf3 Rxd1 28. Rxd1
axb3 29. axb3 Rxb3 30. Nxg7 Bxh3 {und Schwarz hat genügend Bauern
eingesammelt um die Partie in der Remisbreite zu halten.}) 21... Rb6 22. b3 c4
23. Nc5 cxb3 24. cxb3 axb3 (24... Rb4 25. a3 Rxb3 26. Nxb3 axb3 27. g4 $14) 25.
axb3 $14) 20... Nxe5 (20... Rc6 $2 21. f4 Be6 22. b3 $16) 21. f4 (21. Nxc5 Rd6
22. Rxd6 cxd6 23. Ne4 Kc7 24. Nc3 $14 {Weiß hat die bessere Struktur, Schwarz
hat Bauernschwächen auf a4, d6 und g7, Weiß hingegen nur eine auf b2.
Schwarz stünde eine lange Verteidigung bevor.}) 21... Nc4 22. b3 (22. Rxd7
Kxd7 23. Nxc5+ Kc6 24. Nxa6 bxa6 25. b3 axb3 26. axb3 Nd6 $14) 22... Nd6 23.
Nxc5 Rc6 24. Nxd7 Kxd7 25. c4 Rc5 26. g4 b5 $6 {nachdem Schwarz sehr nahe am
Ausgleich ist, gibt er Weiß hier noch einmal Chancen.} (26... axb3 $142 27.
axb3 b5 28. Re5 Kc6 {mit einer verbesserten Version gegenüber der Partie. Am
Damenflügel entsteht nun kein weißer Freibauer mehr.}) 27. Re5 $1 Kc6 28.
cxb5+ Rxb5 29. Rc1+ Kd7 30. bxa4 Rxe5 31. fxe5 {Weiß hat nach den
Abwicklungen einen Mehrbauern und Schwarz hat immer noch Probleme mit der
Aktivierung seines Tg8} Nb7 $2 (31... Ne4 32. Kg2 Ng5 $14 {ist die logische
Springerroute nach e6. Von dort wird die einerseits die Schwäche g7
überdeckt, so dass Schwarz den Turn aktivieren kann und andererseits kann Se6
den aktiven Turm im Angriff gegen den weißen König unterstützen.}) 32. Rc2
$6 (32. Kf2 {ist der natürliche Zug} c5 (32... Nd8 33. Rd1+ $1 Kc8 (33... Kc6
34. Nxg7 Rxg7 35. Rxd8 $18) 34. a5 $16 Ne6 (34... Nc6 35. a6 Nxe5 36. Nxg7 $16)
35. a6 $16 Nc5 $140 $2 36. Nxg7 Rxg7 37. Rd8+ Kxd8 38. a7 $18) 33. Ke3 Kc6 34.
Rf1 $16) 32... Nd8 33. Rd2+ {nun offenbart sich das taktische Problem bei der
von Adams gewählten Route: Der schwarze König muss auf das passive c8 um den
Sd8 zu decken.} Kc8 (33... Kc6 $2 34. Nxg7 Rxg7 35. Rxd8 $16) 34. Kg2 (34. a5
Nc6 35. a6 Nxe5 36. Rb2 Kd7 37. Nxg7 Ra8 $132) (34. Rf2 $5 {bindet die
schwarzen Figuren an die Verteidigung} Re8 $6 35. Nxg7 Rxe5 36. Nf5 $16) 34...
Nc6 35. Rd5 Nb4 36. Rb5 (36. Rd4 $5 {der Gewinnversuch der Engine} Nc6 37. Re4
{von hier deckt der Turm ebenso die Bauern e5 und a4, zudem schränkt er den
schwarzen Springer ein und Weiß kann e6 spielen.} g6 (37... Kb7 $6 38. e6 fxe6
39. Rxe6 $16) 38. Nf4 Kd7 (38... Rd8 $2 39. e6 fxe6 40. Rxe6 $18 {und die
schwarzen Bauern am Königsflügel werden eingesammelt.}) 39. e6+ fxe6 40. Nxe6
$14) 36... Nc6 37. a5 {Weiß hat alle Bauern gedeckt, doch der schwarze Turm
kommt nun zu ausreichend Gegenspiel.} g6 $1 38. Nf4 Rd8 39. Rc5 (39. e6 g5 $1)
39... Rd2+ 40. Kg3 Nd4 41. a4 g5 42. Nd5 Ne6 43. Ne7+ Kb7 44. Rb5+ Ka6 45. Nc6
Rd3+ 46. Kf2 Rxh3 47. Nb4+ Ka7 48. a6 (48. Nc6+ $11) 48... Rc3 49. Rb7+ Ka8 50.
Nd5 Rc5 51. Ne7 Rc4 52. Rb5 Ka7 53. Ra5 Ka8 (53... Nd8 {so hätte Schwarz noch
Ambitionen zeigen können, doch aufgrund der Situation, dass England zu diesem
Zeitpunkt mit +1 in Führung lag, wäre dies natürlich ein riskantes
Unterfangen gewesen.} 54. Nc8+ Ka8 55. Rd5 $13) 54. Rb5 Ka7 {Arkadij Naiditsch
kann aus der Eröffnung heraus Druck erzeugen, sein erfahrener Gegner leitet
mit 17. ...a5 ein Gegenspiel am Damenflügel ein. In unübersichtlicher
Stellung gibt es dann verschiedene vielversprechende Möglichkeiten, das
entstehende Endspiel Turm+Springer ist eingangs sehr nahe am Ausgleich, doch
nach dem Fehler 31. ...Sb7 hat Arkadij gute Aussichten. Adams verteidigt mit
knapper werdender Zeit hervorragend und kann am Ende das Remis sichern.}
1/2-1/2

[Event "Sinquefield Cup 2nd"]
[Site "Saint Louis"]
[Date "2014.09.02"]
[Round "6"]
[White "Nakamura, Hikaru"]
[Black "Aronian, Levon"]
[Result "1/2-1/2"]
[WhiteElo "2787"]
[BlackElo "2805"]
[Annotator "CB"]
[PlyCount "90"]
[EventDate "2014.08.27"]
[EventType "tourn"]
[EventRounds "10"]
[EventCountry "USA"]
[EventCategory "23"]
[SourceTitle "CBM 162"]
[Source "ChessBase"]
[SourceDate "2014.09.17"]
[SourceVersion "1"]
[SourceVersionDate "2014.09.17"]
[SourceQuality "1"]

1. e4 e5 2. Nf3 Nc6 3. Bb5 Nf6 4. O-O Nxe4 5. Re1 Nd6 6. Nxe5 Be7 7. Bf1 Nxe5
8. Rxe5 O-O 9. Nc3 Ne8 10. Nd5 Bd6 {Nakamura repeats the variation that he
played against Carlsen in last year's Sinquefield Cup. He achieved nothing at
all in that game.} 11. Re2 {An interesting idea by Maxime Vachier-Lagrave that
he uncorked against Giri in the 2014 Biel tournament. That led to a beautiful
victory by MVL.} c6 12. Ne3 Be7 {Aronian's novelty.} (12... Bc7 13. Nf5 d5 14.
Ne7+ Kh8 15. Nxc8 Rxc8 {is almost equal, but Giri eventually went wrong and
lost.}) 13. Qe1 Bf6 14. Nf5 d5 15. Ne7+ Kh8 (15... Bxe7 16. Rxe7 Nd6 17. Re2 {
should also be approximately equal, but it makes more sense to keep the
dark-squared bishop rather than the light one due to the pawn chain being on
light squares.}) 16. Nxc8 Rxc8 17. g3 Qd7 {simply preventing Bh3.} 18. d3 Nc7 {
It's clear that if White has achieved anything, it isn't much. His only
long-term advantage is the pair of bishops.} 19. Qa5 Rfe8 $1 {A nice defensive
resource, Black ignores the pawn on a7.} 20. Qe1 {It's hard to believe a
player of Nakamura's caliber can play like this, but there you have it. Also
he took around 45 minutes to play these two moves, Qa5 and Qe1.} (20. Qxa7 Rxe2
21. Bxe2 Re8 22. Bf3 (22. Bf1 Re1 $132) 22... Nb5 23. Qa5 Nd4 $36) 20... Rxe2
21. Qxe2 b5 {Grabbing some space.} 22. c3 d4 $6 {Perhaps overzealous due to
Nakamura's loss of time, Aronian pushes the issue a little. I am not a fan of
the structural change that takes place in the game.} 23. c4 Re8 24. Qd1 bxc4
25. dxc4 {Now Black has a passed pawn, but it risks being blockaded. White has
the better chances of emerging favorably from the pawn structure changes that
can potentially happen.} Ne6 26. b4 d3 $6 (26... c5 27. a3 Be7 $14) 27. Rb1 Rd8
28. Bd2 $6 (28. Be3 $1 {Was far more precise. This lets White control the
important d4 square and his simple threat of Rb3-xd3 is nearly unstoppable.} d2
29. Rb3 $16) 28... Bg5 29. Rb2 (29. h4 Bxd2 30. Qxd2 {was still a little
better for White.}) 29... Qd4 {Now the counterplay is enough for a draw.} 30.
Rb3 Bxd2 31. Qxd2 Qxc4 32. Rxd3 Rxd3 33. Qxd3 Qxa2 (33... Qxd3 34. Bxd3 {
gives White realistic winning chances as the bishop is more powerful than the
knight in positions in which there are pawns on both flanks.}) 34. Qd7 Kg8 35.
Qxc6 g6 36. Bc4 Qb1+ 37. Kg2 Qxb4 38. Bxe6 fxe6 {The rest doesn't need
commentary.} 39. Qa8+ Qf8 40. Qxa7 h5 41. Qd7 Qf5 42. Qe8+ Kg7 43. Qe7+ Kg8 44.
Qe8+ Kg7 45. Qe7+ Kg8 {Not the most precise game, it feels as if Nakamura
could have tried to gain an advantage with more precision.} 1/2-1/2

[Event "Biel Suri Memorial"]
[Site "Biel"]
[Date "2014.07.16"]
[Round "3"]
[White "Motylev, Alexander"]
[Black "Harikrishna, Pentala"]
[Result "1-0"]
[WhiteElo "2698"]
[BlackElo "2726"]
[Annotator "CB"]
[PlyCount "86"]
[EventDate "2014.07.14"]
[EventType "tourn"]
[EventRounds "10"]
[EventCountry "SUI"]
[EventCategory "19"]
[SourceTitle "CBM 162"]
[Source "ChessBase"]
[SourceDate "2014.09.17"]
[SourceVersion "1"]
[SourceVersionDate "2014.09.17"]
[SourceQuality "1"]

1. e4 e5 2. Nf3 Nc6 3. Bb5 Nf6 4. O-O Nxe4 5. d4 Nd6 6. Bxc6 dxc6 7. dxe5 Nf5
8. Qxd8+ Kxd8 9. h3 Bd7 10. Rd1 Be7 11. c4 Kc8 12. Nc3 Nh4 13. Nxh4 Bxh4 14. b3
b6 15. Bb2 a5 16. a4 Bf5 17. Ne2 Kb7 18. g3 Be7 19. g4 Bc2 20. Rd7 Bc5 21. Ba3
Bxa3 22. Rxa3 Rhe8 23. Rd2 Be4 24. f4 Rad8 25. Raa2 g5 $2 (25... c5 {leaves
Black in an acceptable position.}) 26. Nc3 {Black's bishop is surprisingly in
trouble!} Bd3 27. Ra1 {Now the threat is to trap it with Rad1.} Rd7 28. Ne4 $1
{White's knight is untouchable due to the pin and the game is now winning for
White.} Red8 29. Nxg5 Kc8 30. Re1 b5 31. e6 fxe6 32. Nxe6 Re8 33. f5 bxc4 34.
bxc4 Rd6 35. Red1 Bxc4 36. Rxd6 cxd6 37. Rxd6 Bxe6 38. Rxc6+ Kd7 39. Rxe6 Rxe6
40. fxe6+ Kxe6 41. Kf2 Kd5 42. Ke3 Kc4 43. g5 Kd5 1-0

[Event "Jermuk FIDE GP (Women)"]
[Site "Jermuk"]
[Date "2012.07.24"]
[Round "7"]
[White "Hou, Yifan"]
[Black "Zhao, Xue"]
[Result "1/2-1/2"]
[WhiteElo "2617"]
[BlackElo "2556"]
[Annotator "CB"]
[PlyCount "69"]
[EventDate "2012.07.16"]
[EventType "tourn"]
[EventRounds "11"]
[EventCountry "ARM"]
[EventCategory "11"]
[SourceTitle "CBM 150"]
[Source "ChessBase"]
[SourceDate "2012.09.14"]
[SourceVersion "1"]
[SourceVersionDate "2012.09.14"]
[SourceQuality "1"]

{The world champion embarked on a creative approach in the middle game, and
established a slight advantage. However, at the critical moment, White slipped
and Black was able to salvage a half-point thanks to perpetual check.} 1. e4 e5
2. Nf3 Nc6 3. Bb5 Nf6 4. O-O Nxe4 5. d4 Nd6 6. Bxc6 dxc6 7. dxe5 Nf5 8. Qxd8+
Kxd8 9. Nc3 Ke8 10. h3 h5 11. Rd1 Be7 12. Ne4 Be6 13. Nfg5 Rh6 14. g4 hxg4 15.
hxg4 Bxg5 16. Nxg5 Nh4 17. f3 Bd5 18. Kf2 Ng6 19. Kg3 Kf8 20. b3 Nxe5 21. c4 f6
22. cxd5 fxg5 23. Bxg5 Rd6 24. Bf4 Re8 25. Rh1 $2 ({White's advantage could
have been sizeable after the following alternative} 25. Rac1 Re7 26. Bxe5 Rxe5
27. dxc6 Rxd1 28. Rxd1 bxc6 29. Rd7) 25... Re7 26. dxc6 Rxc6 27. Rad1 Ng6 28.
Bg5 Re5 29. Rd8+ Kf7 30. f4 Rc3+ 31. Kf2 Rc2+ 32. Kf3 Rc3+ 33. Kf2 Rc2+ 34. Kf3
Rc3+ 35. Kf2 1/2-1/2

[Event "AUT-chT 1516"]
[Site "Austria"]
[Date "2016.02.25"]
[Round "5.6"]
[White "Papp, Gabor"]
[Black "Volokitin, Andrei"]
[Result "0-1"]
[WhiteElo "2608"]
[BlackElo "2640"]
[Annotator "CB"]
[PlyCount "94"]
[EventDate "2015.11.05"]
[EventType "team-tourn"]
[EventRounds "11"]
[EventCountry "AUT"]
[SourceTitle "EXT 2017"]
[Source "ChessBase"]
[SourceDate "2016.10.25"]
[SourceVersion "1"]
[SourceVersionDate "2016.10.25"]
[SourceQuality "1"]
[WhiteTeam "Ottakring"]
[BlackTeam "Jenbach"]
[WhiteTeamCountry "AUT"]
[BlackTeamCountry "AUT"]

1. e4 e5 2. Nf3 Nc6 3. Bb5 Nf6 4. O-O Nxe4 5. d4 Nd6 6. Bxc6 dxc6 7. dxe5 Nf5
8. Qxd8+ Kxd8 9. h3 Bd7 10. Rd1 Be7 11. g4 Nh4 12. Nxh4 Bxh4 13. Nd2 Kc8 14.
Nf3 Be7 15. Rd3 h6 16. Nd4 Re8 17. b3 Bf8 18. Bb2 h5 19. Nf5 hxg4 20. hxg4 g6
21. Rad1 Be6 22. Ne3 Bh6 23. f3 Rh8 24. Ng2 b6 25. Kf2 Kb7 26. Kg3 Bg5 27. Bc1
Be7 28. Nf4 Bc8 29. Bb2 Rh7 30. Kg2 a5 31. a4 Bg5 32. Nh3 Be7 33. Nf4 Bg5 {
Diagramm [#]} 34. e6 $2 (34. Nh3 $11 {mit Zugwiederholung wäre die richtige
Alternative gewesen}) 34... Bxf4 35. e7 Rh2+ 36. Kg1 Re2 37. Bf6 Bd6 $19 {
und Schwarz behauptet die Mehrfigur, der Freibauer auf e7 kommt nicht voran.}
38. Rxd6 cxd6 39. Rxd6 Ka7 40. Rd8 Bb7 41. Kf1 Re6 42. g5 c5 43. Kf2 Bc6 44. c4
Kb7 45. f4 Kc7 46. Kg3 Rxf6 47. Rxa8 Re6 0-1